| 000 | 01018nmc a2200349 a 4500 | ||
|---|---|---|---|
| 003 | AR-BaBNM | ||
| 005 | 20251128204846.0 | ||
| 008 | 156019s1985 ||||||||||||||000 | spa|| | ||
| 020 | _a950-25-0098-9 | ||
| 040 | _cAR-BaBNM | ||
| 100 | 1 | _aGoldar, Ernesto | |
| 245 | 1 | 0 | _aJohn William Cooke y el peronismo revolucionario |
| 260 |
_aBuenos Aires _bCentro Editor de América Latina _c1985 |
||
| 300 | 0 | _a140 p. | |
| 490 | 0 |
_aBiblioteca política argentina _vv. 99 |
|
| 600 | 1 | 4 |
_aCooke, John William _d1920-1968 |
| 600 | 1 | 4 | _aPerón, Juan Domingo |
| 610 | 2 | 4 | _aPartido Justicialista |
| 650 | 4 | _aOPOSICION POLITICA | |
| 650 | 4 | _aHISTORIA POLITICA ARGENTINA | |
| 650 | 4 | _aPOLITICA NACIONAL | |
| 650 | 4 | _aREVOLUCION DE SETIEMBRE DE 1955 | |
| 650 | 4 | _aHISTORIA SINDICAL | |
| 650 | 4 | _aPARTIDOS POLITICOS ARGENTINOS | |
| 651 | 4 | _aArgentina | |
| 653 | _aPERONISMO | ||
| 653 | 0 | _aPERONISMO | |
| 653 | 0 | _aRESISTENCIA PERONISTA | |
| 800 | 1 |
_aTroncoso, Oscar _edirector |
|
| 942 | _cBK | ||
| 998 | _cEnrique | ||
| 999 |
_c9072 _d9072 |
||